00900cam a22002651 4500001001300000003000400013005001700017008004100034010002300075040003300098043001200131050002200143051002300165082001100188100004700199245012700246260002300373300003700396490005200433504003100485650002100516650004100537830003900578999001700617gs 55000208 DLC20260227111403.0770317s1954 dcuab b f00010 eng c ags 55000208 //r862 aU.S. Geol. Survey. Libr.cak an-us-ak0 aQE75b.C5 no. 348 aQE83b.N4cCopy 2. a553.4910aNelson, Arthur E.q(Arthur Edward),d1922-00aReconnaissance for radioactive deposits in eastern Alaska, 1952,cby Arthur E. Nelson, Walter S. West, and John J. Matzko.0 aWashington,c1954. aii, 21 p.bmaps, tables.c27 cm.1 aUnited States. Geological Survey. Circularv348 a"Literature cited": p. 21. 0aGeologyzAlaska. 0aMines and mineral resourceszAlaska. 0aGeological Survey circular ;v348. c28959d28959